|
|
|
|
| LEADER |
00000nam a2200000 a 4500 |
| 001 |
vtls001146827 |
| 003 |
SK-MaSNL |
| 005 |
20260301105401.0 |
| 008 |
250414s1987 xo 0 slo |
| 035 |
|
|
|a SNK000089686
|
| 040 |
|
|
|a SNK
|b slo
|c SNK
|e AACR2
|
| 041 |
0 |
|
|a slo
|
| 044 |
|
|
|a xo
|c SK
|
| 080 |
|
|
|a 629.73.03(075.3)
|2 1981
|
| 100 |
1 |
|
|a Kocáb, Jindřich,
|d 1949-
|4 aut
|9 61533
|
| 245 |
1 |
0 |
|a Lietadlové pohonné jednotky
|b ... učebnice pre 3. a 4. roč. stredných odborných učilíšť, učebný odbor 03-22-2 mechanik-opravár so zameraním na lietadlá
|c Jindřich Kocáb, Josef Adamec ; Prel. Ladislav Oravík
|
| 250 |
|
|
|a 1. vyd.
|
| 260 |
|
|
|a Praha
|b Nadas
|c 1987
|e Partizánske
|f Západoslov. tlač.
|
| 300 |
|
|
|a 438, [1] s.
|c 4°
|e [2] voľ. príl.
|
| 700 |
1 |
|
|a Adamec, Josef
|4 aut
|9 280791
|
| 700 |
1 |
|
|a Oravík, Ladislav
|4 trl
|9 445595
|
| 852 |
|
|
|a Slovenská národná knižnica
|
| 958 |
|
|
|a OND
|
| 958 |
|
|
|a RK
|
| 968 |
|
|
|d Z čes. orig.
|
| 999 |
|
|
|c 700710
|d 702640
|
| 952 |
|
|
|a SNK
|b SNK
|y PREZ
|7 0
|p 17A1021787
|o snkSB 42303/príl.
|i snkKIP 10255/87
|3 Príloha: 2 voľ. listy
|z Príloha: 2 voľ. listy
|0 0
|1 0
|4 0
|d 2013-05-20
|l 0
|r 2025-05-09 00:00:00
|w 2026-02-23
|
| 952 |
|
|
|a SNK
|b SNK
|y PREZ
|7 0
|p 17A0824537
|o snkSB 42303
|i snkKIP 10255/87
|0 0
|1 0
|4 0
|d 2012-05-18
|f 1
|l 0
|r 2025-05-09 00:00:00
|w 2026-02-23
|
| 952 |
|
|
|t P60, <04>, [BOOK], {604}
|a SNK
|b SNK
|y VYP
|7 0
|p 17A0019091
|o snkSB 42303 D1
|0 0
|1 0
|4 0
|d 1996-11-20
|l 0
|r 2005-01-01 00:00:00
|w 2026-02-23
|